| 000 | 00518ntaaa2200193 4500 | ||
|---|---|---|---|
| 003 | 01 | ||
| 005 | 20251027203016.0 | ||
| 008 | 0714s1973 ag 01 | ||
| 040 |
_aAR-BaBN _bspa _cAR-BaBN _eaacr _dRIC |
||
| 082 | _a463.0000 O | ||
| 100 |
_aOchoa _931175 |
||
| 245 | _aNovisimo diccionario de la lengua castellana | ||
| 250 | _a1 ed. | ||
| 260 |
_as.l., _cs.f. |
||
| 500 | _aLibro perdido. Juego de fichas retirado 10/5/76 | ||
| 650 | _alengua espaƱola | ||
| 650 |
_aenciclopedias y diccionarios _97549 |
||
| 942 | _cBK | ||
| 999 |
_c25531 _d25531 |
||